000 00312nam a22001337a 4500
008 170615b xxu||||| |||| 00| 0 eng d
020 _a2900875814116
041 _aeng
080 _a32
100 _a19
101 _aSHP
245 _aSOCIAL WELFARE POLICY, PROGRAMS AND PRACTICE
_cSEGAL,E.A
942 _2udc
_cBK
999 _c17494
_d17494